<?xml version="1.0" encoding="UTF-8"?><?xml-stylesheet type="text/xsl" href="static/style.xsl"?><OAI-PMH xmlns="http://www.openarchives.org/OAI/2.0/" xmlns:xsi="http://www.w3.org/2001/XMLSchema-instance" xsi:schemaLocation="http://www.openarchives.org/OAI/2.0/ http://www.openarchives.org/OAI/2.0/OAI-PMH.xsd"><responseDate>2026-04-27T14:36:38Z</responseDate><request verb="GetRecord" identifier="oai:uvadoc.uva.es:10324/7200" metadataPrefix="marc">https://uvadoc.uva.es/oai/request</request><GetRecord><record><header><identifier>oai:uvadoc.uva.es:10324/7200</identifier><datestamp>2021-06-29T10:14:01Z</datestamp><setSpec>com_10324_38</setSpec><setSpec>col_10324_852</setSpec></header><metadata><record xmlns="http://www.loc.gov/MARC21/slim" xmlns:doc="http://www.lyncode.com/xoai" xmlns:xsi="http://www.w3.org/2001/XMLSchema-instance" xmlns:dcterms="http://purl.org/dc/terms/" xsi:schemaLocation="http://www.loc.gov/MARC21/slim http://www.loc.gov/standards/marcxml/schema/MARC21slim.xsd">
<leader>00925njm 22002777a 4500</leader>
<datafield tag="042" ind1=" " ind2=" ">
<subfield code="a">dc</subfield>
</datafield>
<datafield tag="720" ind1=" " ind2=" ">
<subfield code="a">Prada González, Álvaro de</subfield>
<subfield code="e">author</subfield>
</datafield>
<datafield tag="260" ind1=" " ind2=" ">
<subfield code="c">2014</subfield>
</datafield>
<datafield tag="520" ind1=" " ind2=" ">
<subfield code="a">Este trabajo final de carrera supone la creación de un protocolo de actuación para las/os&#xd;
trabajadoras/es sociales en los centros de educación infantil a través de un programa de&#xd;
escuela de madres y padres. Programa que busca empoderar a sus participantes en el&#xd;
cuidado de la infancia y contribuir a la mejora del bienestar de todos.&#xd;
El protocolo se constituye en etapas ordenadas cronológicamente. Se pretende que sea&#xd;
útil en la práctica, flexible y de fácil comprensión para todos los profesionales que&#xd;
pretendan realizar una experiencia similar.&#xd;
El trabajo incluye plasmar los pilares metodológicos, teóricos y éticos del trabajo social&#xd;
que guían esta actuación propuesta así como la delimitación del marco jurídico en el que&#xd;
se desarrolla la misma. Incorpora además el programa práctico que constituye el origen&#xd;
de la idea fundamental del protocolo. A partir de estos se busca la solidez y&#xd;
consolidación del protocolo de actuación desarrollado.</subfield>
</datafield>
<datafield tag="024" ind2=" " ind1="8">
<subfield code="a">http://uvadoc.uva.es/handle/10324/7200</subfield>
</datafield>
<datafield ind1=" " ind2=" " tag="653">
<subfield code="a">Trabajo social con los niños</subfield>
</datafield>
<datafield ind1=" " ind2=" " tag="653">
<subfield code="a">Trabajo social escolar</subfield>
</datafield>
<datafield tag="245" ind1="0" ind2="0">
<subfield code="a">Guía del Trabajo Social en escuelas infantiles: "Escuela de madres y padres"</subfield>
</datafield>
</record></metadata></record></GetRecord></OAI-PMH>